Milton : complete poetry and selected prose : with English metrical translations of the Latin, Greek and Italian poems /

Hlavní autor: Milton, John, 1608-1674
Další autoři: Visiak, E. H.
Jazyk: Angličtina
Vydáno: [London] : Nonesuch Press, 1948
Edice: Nonesuch Library
Fyzický popis: xxxii, 860 s.
Knihy
Uloženo v:
LEADER 00842nam a22002292a 4500
001 001098501
003 CZ BrMZK
005 20100804135748.0
007 ta
008 100525s1948 xxk er|||||||||||eng d
040 |a BOA001  |b cze 
100 1 |a Milton, John,  |d 1608-1674  |7 jn19990005738  |4 aut 
245 1 0 |a Milton :  |b complete poetry and selected prose : with English metrical translations of the Latin, Greek and Italian poems /  |c edited by E.H. Visiak ; with a foreword by Sir Arnold Wilson 
260 |a [London] :  |b Nonesuch Press,  |c 1948 
300 |a xxxii, 860 s. 
490 1 |a The Nonesuch Library 
700 1 |a Visiak, E. H.  |q (Edward Harold)  |4 edt 
830 0 |a Nonesuch Library 
910 |a BOA001  |b 1-0254.722 
990 |a BK 
991 |b 201005 
996 7 |b 2619715318  |c 1-0254.722  |l MZK  |r Sklad / do 1 hodiny  |n 0  |w 001124521  |u 000010  |a 1  |e BOA001  |j MZK50  |s A